Terrible City Spellings Accepted by JetPunk - Statistics

General Stats
  • This quiz has been taken 53,830 times
    53,082 since last reset
  • The average score is 13 of 20
Answer Stats
Terrible Correct % Correct
mellberne Melbourne
95%
cassablanka Casablanca
90%
philedelffea Philadelphia
90%
johaneusborg Johannesburg
88%
boardux Bordeaux
83%
duesaladorf Düsseldorf
82%
marsiele Marseille
81%
mini apples Minneapolis
81%
millwalkie Milwaukee
78%
losville Louisville
73%
edingbobsleigh Edinburgh
67%
albakrunkie Albuquerque
60%
lasangas Los Angeles
58%
meddilen Medellin
48%
siny Sydney
47%
thesollonaca Thessaloniki
43%
sopolo São Paulo
41%
fortolaisa Fortaleza
31%
tenjen Tianjin
30%
danpasser Denpasar
25%
No matching quizzes found
Score Distribution
Percent of People with Each Score
Percentile by Number Answered
Your Score History
You have not taken this quiz since the last reset